| 000 | 00697nam a22002177a 4500 | ||
|---|---|---|---|
| 003 | SISC | ||
| 005 | 20181009091249.0 | ||
| 008 | 160726b xxu||||| |||| 00| 0 eng d | ||
| 020 | _a9789712369520 | ||
| 050 | _aPL 6164 .Am523 2015 | ||
| 100 | _aGuimarie, Aida M. | ||
| 245 |
_aKalinangan: batayang kagamitang pampagtuturo 9 / _cMaybel G. Amog, Nelia P. Pagoso [at] Mercedes DL. Tulaylay. |
||
| 250 | _aBinagong ed. | ||
| 260 |
_aManila : _bRex Bookstore, _c2015. |
||
| 300 |
_alxxxviii, 440 p. : _bill. ; _c26 cm. |
||
| 650 | _aFilipino language--Grammar. | ||
| 650 | _aFilipino literature. | ||
| 700 | _aPagoso, Nelia P. | ||
| 700 | _aTulaylay, Mercedes DL. | ||
| 942 |
_2lcc _cBK |
||
| 999 |
_c298061 _d298061 |
||